Statistics for Glasgow Parks to Map

Click here to take the quiz!

General Stats

  • This quiz has been taken 72 times
  • The average score is 9 of 20

Answers on the Map

Answers color-coded by a green-red scale on the quiz's map according to % correct below.
 

Answer Stats

Answer% Correct
Glasgow Green
65%
Kelvingrove Park
55%
Queens Park
55%
Darnley Mill / Dams to
Darnley Country Park
52%
Linn Park
52%
Glasgow Botanic
Gardens
48%
Hogganfield / Seven
Lochs Wetland Park
48%
Pollok Country Park
48%
Bellahouston Park
42%
Cathkin Braes
Country Park
42%
Victoria Park
42%
Alexandra Park
39%
Dawsholm Park
39%
King's Park
39%
Tollcross Park
39%
Springburn Park
35%
Auchinlea Park
32%
Ruchill Park
32%
Robroyston Park
26%
Richmond Park
23%

Score Distribution

Percentile by Number Answered

Percent of People with Each Score

Your Score History

You have not taken this quiz